Подвиги бригадира Жерара ; (Record no. 288521)
[ view plain ]
| 000 -LEADER | |
|---|---|
| fixed length control field | 01015nam a2200229 u 4500 |
| 001 - CONTROL NUMBER | |
| control field | 000790519 |
| 003 - CONTROL NUMBER IDENTIFIER | |
| control field | AM-YeHGA |
| 005 - DATE AND TIME OF LATEST TRANSACTION | |
| control field | 20250618073903.0 |
| 008 - FIXED-LENGTH DATA ELEMENTS--GENERAL INFORMATION | |
| fixed length control field | 090130s1987 ru r 000 0 rus d |
| 040 ## - CATALOGING SOURCE | |
| Original cataloging agency | AM-YeHGA |
| 041 1# - LANGUAGE CODE | |
| Language code of text/sound track or separate title | rus |
| Language code of original | eng |
| 090 ## - LOCALLY ASSIGNED LC-TYPE CALL NUMBER (OCLC); LOCAL CALL NUMBER (RLIN) | |
| -- | 290194 |
| 100 1# - MAIN ENTRY--PERSONAL NAME | |
| Personal name | Դոյլ, Արթուր Կոնան, |
| Dates associated with a name | 1859-1930 |
| 9 (RLIN) | 46 |
| 245 10 - TITLE STATEMENT | |
| Title | Подвиги бригадира Жерара ; |
| Remainder of title | Приключения бригадира Жерара ; Рассказы : Пер. с англ. / |
| Statement of responsibility, etc. | Артур Конан Дойл ; Послесл. Д.М. Урнова; Илл. Е.А. Ведерникова. |
| 260 ## - PUBLICATION, DISTRIBUTION, ETC. | |
| Place of publication, distribution, etc. | Москва : |
| Name of publisher, distributor, etc. | Правда, |
| Date of publication, distribution, etc. | 1987. |
| 300 ## - PHYSICAL DESCRIPTION | |
| Extent | 446 стр. : |
| Other physical details | илл. ; |
| Dimensions | 20 см. |
| 440 #0 - SERIES STATEMENT/ADDED ENTRY--TITLE | |
| Title | Мир приключений |
| 650 14 - SUBJECT ADDED ENTRY--TOPICAL TERM | |
| Topical term or geographic name entry element | Английская литература |
| General subdivision | Рассказ |
| 653 0# - INDEX TERM--UNCONTROLLED | |
| Uncontrolled term | Детективные романы и рассказы |
| 700 1# - ADDED ENTRY--PERSONAL NAME | |
| Personal name | Урнов, Д.М. |
| Relator term | авт. послесл |
| Relationship | aft |
| 700 1# - ADDED ENTRY--PERSONAL NAME | |
| Personal name | Ведерников, Е.А. |
| Relator term | илл. |
| Relationship | ill |
| Withdrawn status | Lost status | Damaged status | Not for loan | Collection | Home library | Current library | Date acquired | Total checkouts | Full call number | Barcode | Date last seen | Price effective from | Koha item type | Public note |
|---|---|---|---|---|---|---|---|---|---|---|---|---|---|---|
| General | Fundamental Scientific Library | Fundamental Scientific Library | 29/12/2016 | PII/577771 | FL0095068 | 29/12/2016 | 29/12/2016 | Գրքեր / Books | 30 Days Loan |
ՀՀ Գիտությունների ազգային ակադեմիայի հիմնարար գիտական գրադարան = Fundamental Scientific Library of NAS RA
All site content, except where otherwise noted, is licensed under a